000 00382nam a22001337a 4500
082 _a510
_bDIN/S
100 _aS.DINESH & CO
245 _aDINESH MATHEMATICS
260 _aJALANDHAR
_bS.DINESH & CO
_c2010
300 _a536
520 _aSOME ADDITIONAL QUESTIONS, MODEL PAPERS & PREVIOUS YEARS' COMPETITIVE EXAMS PAPERS
650 _aMATHS COMPETITIVE EXAM PAPERS
_zINDIA
942 _cBK
999 _c767
_d767